000 00999cam a2200337 a 4500
001 1687674
003 ARRUPE
005 20140116133458.0
008 950417s1995 enk b 000 0 eng
010 _a 95017935
020 _a1859840833 (pbk)
020 _a185984958X (hbk)
035 _a(OCoLC)32467276
035 _a(OCoLC)ocm32467276
035 _a(NNC)1687674
040 _aDLC
_cDLC
_dDLC
050 0 0 _aHV8805
_b.B5 1995
100 1 _aBentham, Jeremy,
_d1748-1832.
_96667
245 1 4 _aThe Panopticon writings /
_cJeremy Bentham ; edited and introduced by Miran Božovič.
260 _aLondon ;
_aNew York :
_bVerso,
_c1995.
300 _a158 p. ;
_c22 cm.
490 1 _aWo es war
504 _aIncludes bibliographical references.
650 0 _aPrisons.
_96668
650 0 _aImprisonment
_xPhilosophy.
_96669
650 0 _aPunishment
_xPhilosophy.
_96670
700 1 _aBožovič, Miran.
_96671
830 0 _aWo es war.
_96672
942 _2lcc
_cMONOGRAPH
999 _c119574
_d119574